00243nam a2200085Ia 4500008004100000082002200041100001600063245006300079260001500142230907s9999||||xx |||||||||||||| ||und|| a657.02462131bRAU aRauf,Bobby  aFinance and accounting for energy engineers /cBobby Rauf. c2019-09-27